| 000 | 00651nam a2200253Ia 4500 | ||
|---|---|---|---|
| 003 | 0100 | ||
| 008 | 130307s9999 xx 000 0 und d | ||
| 020 | _a0865433305 | ||
| 040 | _cARRUPELIB | ||
| 050 | _aHC800.T88 1992 | ||
| 100 | _aSeidman, Ann | ||
| 245 | _a21st Century Africa | ||
| 245 | _btowards a new vision of self sustainable | ||
| 260 | _aNew Jersey | ||
| 260 | _bAfrica World Press | ||
| 260 | _c1992 | ||
| 300 | _axi | ||
| 300 | _b330p. 21cm | ||
| 650 | _aSOCIAL SCIENCE | ||
| 650 | _bBible - Introductions | ||
| 650 | _cChristian education - Textbooks for adults - Anglican | ||
| 700 | _aAnang, Frederick | ||
| 942 | 0 | 0 | _02 |
| 999 |
_c98127 _d98127 |
||